[Event "Titled Tuesday intern op 11th Jul Early"]
[Site "Chess.com INT"]
[Date "2023.07.11"]
[Round "6"]
[White "Md Abu, Hanif"]
[Black "Sidletskyi, Ivan"]
[Result "1/2-1/2"]
[WhiteElo "2089"]
[BlackElo "2281"]
[PlyCount "165"]
[EventDate "2023.07.11"]
[EventType "swiss (blitz)"]
[EventRounds "11"]
[EventCountry "USA"]
[SourceTitle "EXT 2024"]
[Source "ChessBase"]
[SourceDate "2023.10.10"]
[SourceVersion "1"]
[SourceVersionDate "2023.10.10"]
[SourceQuality "1"]

1. d4 Nf6 2. Nf3 d5 3. g3 c5 4. Bg2 cxd4 5. Nxd4 e5 6. Nf3 Nc6 7. 0-0 Be6 8. Nbd2 Bc5 9. c3 0-0 10. Qc2 h6 11. e4 d4 12. cxd4 Bxd4 13. Nb3 Rc8 14. Nbxd4 Nxd4 15. Qa4 Bc4 16. Re1 b5 17. Qxa7 Ra8 18. Qc5 Nd7 19. Qd6 Nc2 20. Bd2 Nxa1 21. Rxa1 Rxa2 22. Rxa2 Bxa2 23. Bc3 Nf6 24. Qxe5 Qd1+ 25. Ne1 Bc4 26. Qd4 Rd8 27. Qxd1 Rxd1 28. f3 Nd7 29. Kf2 Nc5 30. Bf1 f6 31. Be2 Rd7 32. Nc2 Bxe2 33. Kxe2 Nb3 34. Ne3 Nd4+ 35. Kf2 Ne6 36. Nd5 Nc7 37. Nb4 Kf7 38. Ke3 Ke6 39. Nc6 Rd1 40. Nd4+ Kd7 41. Ba5 Ne6 42. Nxb5 Rb1 43. Bc3 Rh1 44. h4 Rg1 45. Kf2 Rd1 46. Na3 Kc6 47. Nc2 Nc5 48. Ne3 Rd7 49. Nf5 Kb5 50. Ke3 Kc4 51. Ke2 Kb3 52. Ne3 Nd3 53. Nd5 Nxb2 54. Bxb2 Kxb2 55. Ke3 Kb3 56. Kd4 Kc2 57. f4 Kd2 58. g4 Ke2 59. g5 fxg5 60. fxg5 hxg5 61. hxg5 Kf3 62. Ke5 Kg4 63. g6 Kg5 64. Nf4 Re7+ 65. Ne6+ Kh6 66. Kd6 Re8 67. Kd7 Ra8 68. Nf4 Ra4 69. Nd5 Rxe4 70. Kd6 Rd4 71. Ke5 Rxd5+ 72. Kxd5 Kxg6 73. Ke4 Kh5 74. Kf3 Kh4 75. Kg2 Kg4 76. Kh2 g6 77. Kg2 g5 78. Kg1 Kg3 79. Kh1 Kf2 80. Kh2 g4 81. Kh1 Kf3 82. Kh2 Kf2 83. Kh1 1/2-1/2

[Event "Titled Tuesday intern op 11th Jul Early"]
[Site "Chess.com INT"]
[Date "2023.07.11"]
[Round "5"]
[White "Novoselov, Roman"]
[Black "Md Abu, Hanif"]
[Result "1-0"]
[WhiteElo "2279"]
[BlackElo "2089"]
[PlyCount "61"]
[EventDate "2023.07.11"]
[EventType "swiss (blitz)"]
[EventRounds "11"]
[EventCountry "USA"]
[SourceTitle "EXT 2024"]
[Source "ChessBase"]
[SourceDate "2023.10.10"]
[SourceVersion "1"]
[SourceVersionDate "2023.10.10"]
[SourceQuality "1"]

1. e4 Nf6 2. e5 Nd5 3. d4 d6 4. exd6 cxd6 5. Bc4 Nb6 6. Bd3 g6 7. Ne2 Bg7 8. Nbc3 0-0 9. h4 Nc6 10. Be3 h5 11. Qd2 Nb4 12. Bh6 Nxd3+ 13. cxd3 Bf5 14. Bxg7 Kxg7 15. f3 Rc8 16. 0-0-0 Nd5 17. Kb1 Nb4 18. Ne4 Nxd3 19. Qxd3 d5 20. N2g3 dxe4 21. Nxf5+ gxf5 22. fxe4 fxe4 23. Qxe4 Qd6 24. Qf3 Qg6+ 25. Ka1 Rc2 26. Rhg1 b5 27. g4 Kh6 28. gxh5 Qc6 29. Qg3 Qf6 30. Qe3+ Kh7 31. Qd3+ 1-0

[Event "Titled Tuesday intern op 11th Jul Early"]
[Site "Chess.com INT"]
[Date "2023.07.11"]
[Round "4"]
[White "Shubenkova, Veronika"]
[Black "Md Abu, Hanif"]
[Result "0-1"]
[WhiteElo "2087"]
[BlackElo "2089"]
[PlyCount "158"]
[EventDate "2023.07.11"]
[EventType "swiss (blitz)"]
[EventRounds "11"]
[EventCountry "USA"]
[SourceTitle "EXT 2024"]
[Source "ChessBase"]
[SourceDate "2023.10.10"]
[SourceVersion "1"]
[SourceVersionDate "2023.10.10"]
[SourceQuality "1"]

1. e4 e6 2. d4 Nf6 3. Bd3 d6 4. c4 b6 5. Nc3 Bb7 6. Bg5 Be7 7. f3 Nc6 8. Nge2 Nxe4 9. Bxe4 Bxg5 10. d5 Na5 11. dxe6 fxe6 12. b4 Bxe4 13. bxa5 Bg6 14. f4 Bf6 15. 0-0 0-0 16. Rc1 Kh8 17. Nd4 Qd7 18. Nb3 c6 19. Qe2 d5 20. cxd5 exd5 21. Kh1 Rae8 22. Qf3 d4 23. Ne2 c5 24. f5 Bxf5 25. Nexd4 Be4 26. Qg3 cxd4 27. Rc7 Qe6 28. Qe1 Bxg2+ 29. Kxg2 Qxe1 30. Rxe1 Rxe1 31. Rxa7 bxa5 32. Rxa5 Re2+ 33. Kf3 d3 34. Rd5 Bd4+ 35. Kg4 Rg2+ 36. Kh3 Rxa2 37. Rxd4 Ra3 38. Rxd3 Rb8 39. Kh4 Raxb3 40. Rd7 R3b7 41. Rd1 Rb4+ 42. Kg5 h6+ 43. Kg6 Rg4+ 44. Kf5 Rg5+ 45. Ke6 Re8+ 46. Kf7 Rc8 47. h4 Rg2 48. h5 Rf2+ 49. Ke6 Rcf8 50. Kd7 R2f7+ 51. Kc6 Rf5 52. Kd7 Rxh5 53. Ke7 Rhf5 54. Ke6 R5f7 55. Ke5 Rf6 56. Ke4 Kh7 57. Rg1 R8f7 58. Ke5 Rg6 59. Rh1 Rff6 60. Rh2 Rg5+ 61. Ke4 h5 62. Ke3 Kg6 63. Ke4 Rg4+ 64. Ke3 Rf5 65. Ke2 Kg5 66. Ke3 h4 67. Rh1 Rg3+ 68. Ke4 Rf4+ 69. Ke5 Kg4 70. Rxh4+ Kxh4 71. Kxf4 g5+ 72. Kf5 g4 73. Kg6 Rf3 74. Kh6 g3 75. Kg6 g2 76. Kh6 g1Q 77. Kh7 Qg4 78. Kh6 Rg3 79. Kh7 Qh5# 0-1

[Event "Titled Tuesday intern op 04th Jul Early"]
[Site "Chess.com INT"]
[Date "2023.07.04"]
[Round "2"]
[White "Md Abu, Hanif"]
[Black "Czopor, Maciej"]
[Result "0-1"]
[WhiteElo "2089"]
[BlackElo "2379"]
[PlyCount "112"]
[EventDate "2023.07.04"]
[EventType "swiss (blitz)"]
[EventRounds "11"]
[EventCountry "USA"]
[SourceTitle "EXT 2024"]
[Source "ChessBase"]
[SourceDate "2023.10.10"]
[SourceVersion "1"]
[SourceVersionDate "2023.10.10"]
[SourceQuality "1"]

1. d4 Nf6 2. Nf3 b6 3. g3 Bb7 4. Bg2 e6 5. 0-0 Be7 6. Nbd2 0-0 7. c3 c5 8. Nb3 Nc6 9. Be3 d6 10. Bg5 h6 11. Bf4 Re8 12. Re1 Bf8 13. e4 Rc8 14. Bxd6 Bxd6 15. e5 Be7 16. exf6 gxf6 17. dxc5 bxc5 18. Qc1 Bf8 19. Qe3 Na5 20. Rad1 Qb6 21. Nxa5 Qxa5 22. a3 f5 23. Ne5 Bxg2 24. Kxg2 Bg7 25. Rd7 Qa4 26. Red1 Rc7 27. Rxc7 Qxd1 28. Nxf7 Qd5+ 29. Qf3 Rf8 30. Qxd5 exd5 31. Nd6 Be5 32. Rd7 d4 33. cxd4 Bxd4 34. b4 cxb4 35. axb4 f4 36. Nb5 f3+ 37. Kf1 Rc8 38. Ke1 Bb6 39. Rd3 Re8+ 40. Kd1 Bxf2 41. Rxf3 Bb6 42. Nc3 Kg7 43. Kc2 Re1 44. Rd3 Rh1 45. Rd2 Be3 46. Re2 Bb6 47. Nd5 Bd4 48. Nf4 Kf6 49. Ne6 Be5 50. Nc5 Bd4 51. Ne4+ Kf5 52. Nd2 Kg4 53. Nb3 Bb6 54. Nc5 Kf3 55. Rd2 a5 56. Nd3 Be3 0-1

[Event "Titled Tuesday intern op 04th Jul Early"]
[Site "Chess.com INT"]
[Date "2023.07.04"]
[Round "4"]
[White "Md Abu, Hanif"]
[Black "Gavrilin, Roman"]
[Result "1/2-1/2"]
[WhiteElo "2089"]
[BlackElo "2156"]
[PlyCount "84"]
[EventDate "2023.07.04"]
[EventType "swiss (blitz)"]
[EventRounds "11"]
[EventCountry "USA"]
[SourceTitle "EXT 2024"]
[Source "ChessBase"]
[SourceDate "2023.10.10"]
[SourceVersion "1"]
[SourceVersionDate "2023.10.10"]
[SourceQuality "1"]

1. d4 Nf6 2. Nf3 e6 3. g3 b6 4. Bg2 Bb7 5. 0-0 Be7 6. c4 0-0 7. b3 c5 8. Bb2 cxd4 9. Nxd4 Bxg2 10. Kxg2 Qc8 11. e3 Nc6 12. Qf3 Ne5 13. Qe2 Qb7+ 14. f3 Nc6 15. Nd2 Rac8 16. Rad1 d5 17. Nxc6 Qxc6 18. Bxf6 Bxf6 19. cxd5 Qxd5 20. Ne4 Qe5 21. Nxf6+ Qxf6 22. Rd2 h5 23. h4 Rc3 24. Rd3 Rfc8 25. Rfd1 Rc2 26. R3d2 R2c5 27. e4 Rc3 28. Rd3 g6 29. Rxc3 Rxc3 30. Rd3 Rc5 31. Qd2 Kg7 32. Qe2 Qa1 33. Rd1 Qc3 34. Qd2 Qf6 35. Rc1 Rxc1 36. Qxc1 Qd4 37. Qc2 e5 38. Qf2 Qd3 39. Qf1 Qd2+ 40. Qf2 Qd3 41. Qf1 Qd2+ 42. Qf2 Qd3 1/2-1/2

[Event "Titled Tuesday intern op 04th Jul Early"]
[Site "Chess.com INT"]
[Date "2023.07.04"]
[Round "5"]
[White "Md Abu, Hanif"]
[Black "Komov, Roman"]
[Result "0-1"]
[WhiteElo "2089"]
[BlackElo "2301"]
[PlyCount "72"]
[EventDate "2023.07.04"]
[EventType "swiss (blitz)"]
[EventRounds "11"]
[EventCountry "USA"]
[SourceTitle "EXT 2024"]
[Source "ChessBase"]
[SourceDate "2023.10.10"]
[SourceVersion "1"]
[SourceVersionDate "2023.10.10"]
[SourceQuality "1"]

1. Nf3 d5 2. d4 Nf6 3. g3 e6 4. Bg2 b5 5. 0-0 Be7 6. b3 0-0 7. Bb2 a5 8. Nbd2 Nbd7 9. c4 bxc4 10. bxc4 c6 11. a4 Ba6 12. Qc2 Bb4 13. Ba3 Rb8 14. Rfb1 Qe7 15. Bxb4 Rxb4 16. Rxb4 Qxb4 17. Rb1 Qa3 18. Bf1 Rc8 19. e3 c5 20. cxd5 cxd4 21. Qb3 Qxb3 22. Nxb3 Bxf1 23. dxe6 fxe6 24. Kxf1 dxe3 25. fxe3 Nd5 26. Nxa5 Nxe3+ 27. Ke2 Nd5 28. Kd2 Nc5 29. Rb5 Nxa4 30. Nd4 Nac3 31. Rb7 Ne4+ 32. Kd3 Nc5+ 33. Ke2 Nxb7 34. Nxb7 Rb8 35. Nc5 e5 36. Nc6 Rc8 0-1

[Event "Titled Tuesday intern op 27th Jun Late"]
[Site "Chess.com INT"]
[Date "2023.06.27"]
[Round "5"]
[White "Md Abu, Hanif"]
[Black "Delorme, Axel"]
[Result "1/2-1/2"]
[WhiteElo "2073"]
[BlackElo "2483"]
[PlyCount "140"]
[EventDate "2023.06.27"]
[EventType "swiss (blitz)"]
[EventRounds "11"]
[EventCountry "USA"]
[SourceTitle "EXT 2024"]
[Source "ChessBase"]
[SourceDate "2023.10.10"]
[SourceVersion "1"]
[SourceVersionDate "2023.10.10"]
[SourceQuality "1"]

1. Nf3 d5 2. g3 e6 3. Bg2 c5 4. d3 Nc6 5. Nbd2 Nf6 6. 0-0 Be7 7. e4 0-0 8. Qe2 b5 9. a4 b4 10. b3 Bb7 11. Bb2 Qc7 12. Rfe1 Rac8 13. exd5 Nxd5 14. Nc4 Bf6 15. Nfe5 Rfd8 16. Nxc6 Bxc6 17. Bxf6 Nxf6 18. Bxc6 Qxc6 19. Qe5 Rd5 20. Qe3 h5 21. Qf3 h4 22. Re5 Rcd8 23. Rae1 h3 24. Rxd5 Rxd5 25. Re3 Qc7 26. Qe2 g5 27. f3 Rf5 28. Re5 Rxe5 29. Qxe5 Qxe5 30. Nxe5 Kf8 31. Kf2 Ke7 32. Nc6+ Kd6 33. Nxa7 g4 34. Nc8+ Kc7 35. Ne7 Kd7 36. a5 Kxe7 37. a6 Nd7 38. fxg4 Kf6 39. Ke3 Kg5 40. d4 cxd4+ 41. Kxd4 Kxg4 42. c4 bxc3 43. Kxc3 Kf3 44. b4 e5 45. b5 e4 46. a7 Nb6 47. Kb4 e3 48. Kc5 Na8 49. b6 e2 50. b7 e1Q 51. bxa8Q+ Kf2 52. Qd5 Qa5+ 53. Kd6 Qxa7 54. Ke5 Qe7+ 55. Kf5 Kg1 56. g4 Qe6+ 57. Qxe6 fxe6+ 58. Kxe6 Kxh2 59. g5 Kg2 60. g6 h2 61. g7 h1Q 62. g8Q+ Kf2 63. Qf7+ Ke3 64. Qa7+ Kf4 65. Qc7+ Kg4 66. Qg7+ Kf4 67. Qf6+ Kg3 68. Qe5+ Kg2 69. Qe4+ Kg1 70. Qxh1+ Kxh1 1/2-1/2

[Event "Titled Tuesday intern op 20th Jun Early"]
[Site "Chess.com INT"]
[Date "2023.06.20"]
[Round "10"]
[White "Md Abu, Hanif"]
[Black "Papayan, Oleg"]
[Result "0-1"]
[WhiteElo "2073"]
[BlackElo "2253"]
[PlyCount "46"]
[EventDate "2023.06.20"]
[EventType "swiss (blitz)"]
[EventRounds "11"]
[EventCountry "USA"]
[SourceTitle "EXT 2024"]
[Source "ChessBase"]
[SourceDate "2023.10.10"]
[SourceVersion "1"]
[SourceVersionDate "2023.10.10"]
[SourceQuality "1"]

1. d4 Nf6 2. Nf3 d5 3. g3 c5 4. Bg2 cxd4 5. 0-0 h6 6. Nxd4 e5 7. Nf3 Nc6 8. c4 dxc4 9. Qa4 Bd7 10. Qxc4 Be7 11. Nc3 0-0 12. Rd1 Rc8 13. Qb3 Na5 14. Qc2 Qc7 15. Be3 Nc4 16. Bc1 Rfd8 17. Nd5 Nxd5 18. Rxd5 Be6 19. Rxd8+ Qxd8 20. Qd3 e4 21. Qxd8+ Rxd8 22. Ne1 Rd1 23. Kf1 Bb4 0-1

[Event "Titled Tuesday intern op 20th Jun Early"]
[Site "Chess.com INT"]
[Date "2023.06.20"]
[Round "5"]
[White "Md Abu, Hanif"]
[Black "Stojanovski, Sandi"]
[Result "1-0"]
[WhiteElo "2073"]
[BlackElo "2179"]
[PlyCount "115"]
[EventDate "2023.06.20"]
[EventType "swiss (blitz)"]
[EventRounds "11"]
[EventCountry "USA"]
[SourceTitle "EXT 2024"]
[Source "ChessBase"]
[SourceDate "2023.10.10"]
[SourceVersion "1"]
[SourceVersionDate "2023.10.10"]
[SourceQuality "1"]

1. Nf3 d6 2. g3 g6 3. Bg2 Bg7 4. 0-0 c5 5. d3 Nc6 6. Nbd2 Qd7 7. c3 b6 8. Qa4 Bb7 9. Qc2 e5 10. e4 Nge7 11. Nc4 0-0 12. Ne3 d5 13. exd5 Nxd5 14. Nxd5 Qxd5 15. Nh4 Qd7 16. Rd1 Rad8 17. Bg5 f6 18. Be3 Qf7 19. Qb3 Rd6 20. Nf3 Rfd8 21. Ne1 R6d7 22. h4 h5 23. Be4 f5 24. Bg2 Bf6 25. Kh2 Kg7 26. Qxf7+ Kxf7 27. Rdc1 Rd6 28. Kg1 Ba6 29. Bf1 Ne7 30. d4 Bxf1 31. dxe5 Bxe5 32. Kxf1 Nd5 33. Bg5 Bf6 34. Nf3 Ne7 35. Re1 Nc6 36. Re2 Rd1+ 37. Rxd1 Rxd1+ 38. Re1 Rd3 39. Re3 Rd5 40. Re2 b5 41. Bxf6 Kxf6 42. Ng5 Ne5 43. f4 Ng4 44. Re6+ Kg7 45. Re7+ Kg8 46. Rxa7 Rd2 47. Rc7 c4 48. Rc8+ Kg7 49. Rc7+ Kf8 50. Rc6 Kg7 51. Ne6+ Kf7 52. Ng5+ Kg7 53. Rc7+ Kf8 54. b3 cxb3 55. axb3 Rd3 56. b4 Rxg3 57. Rc5 Ke7 58. Rc7+ 1-0

[Event "Titled Tuesday intern op 20th Jun Early"]
[Site "Chess.com INT"]
[Date "2023.06.20"]
[Round "9"]
[White "Md Abu, Hanif"]
[Black "Tokhirjonova, Gulruhbegim"]
[Result "0-1"]
[WhiteElo "2073"]
[BlackElo "2340"]
[PlyCount "52"]
[EventDate "2023.06.20"]
[EventType "swiss (blitz)"]
[EventRounds "11"]
[EventCountry "USA"]
[SourceTitle "EXT 2024"]
[Source "ChessBase"]
[SourceDate "2023.10.10"]
[SourceVersion "1"]
[SourceVersionDate "2023.10.10"]
[SourceQuality "1"]

1. d4 Nf6 2. Nf3 g6 3. Nbd2 d5 4. c3 Bg7 5. e4 dxe4 6. Ng5 Bf5 7. Qb3 0-0 8. Qxb7 Nbd7 9. Ngxe4 Nxe4 10. Nxe4 Rb8 11. Qd5 e6 12. Qc6 Rb6 13. Qa4 Bxe4 14. Qxa7 c5 15. dxc5 Nxc5 16. Be3 Qd6 17. Qa3 Rc8 18. Be2 Bxg2 19. Rg1 Bd5 20. Rd1 Qc6 21. c4 Be4 22. b4 Ra6 23. Qc1 Rxa2 24. Bxc5 Bf3 25. Bxf3 Qxf3 26. Qe3 Bc3+ 0-1

[Event "Asia zt 3.2"]
[Site "Dhaka"]
[Date "2023.05.02"]
[Round "1"]
[White "Md Abu, Hanif"]
[Black "Ananda Kumar, Sarma"]
[Result "1-0"]
[WhiteElo "2064"]
[BlackElo "1623"]
[PlyCount "99"]
[EventDate "2023.05.02"]
[EventType "swiss"]
[EventRounds "9"]
[EventCountry "BAN"]
[SourceTitle "CBM 214 Extra"]
[Source "ChessBase"]
[SourceDate "2023.07.31"]
[SourceVersion "1"]
[SourceVersionDate "2023.07.31"]
[SourceQuality "1"]

1. d4 d5 2. Nf3 e6 3. g3 Nf6 4. Bg2 Nbd7 5. 0-0 Bd6 6. b3 0-0 7. Bb2 h6 8. Nbd2 Nh7 9. e4 c6 10. c4 dxc4 11. Nxc4 Be7 12. Qc2 Ng5 13. Nxg5 Bxg5 14. Rad1 h5 15. f4 Bh6 16. Ba3 b5 17. Nd6 Qb6 18. e5 b4 19. Bb2 Nb8 20. Rfe1 a5 21. a4 Ra7 22. Bc1 Rc7 23. Be3 Ba6 24. Qf2 Bb7 25. d5 c5 26. Nxb7 Qxb7 27. d6 Rc6 28. Bxc5 Nd7 29. Bd4 Qa6 30. Bxc6 Qxc6 31. Qg2 Qa6 32. Qe2 Qc6 33. Rc1 Qd5 34. Qc4 Qf3 35. Qc6 Nxe5 36. Bxe5 Qxb3 37. d7 h4 38. Qd6 hxg3 39. Qxf8+ Kh7 40. Qa8 f6 41. Qe4+ f5 42. Qc6 Qd3 43. Rcd1 Qb3 44. d8Q Qa2 45. hxg3 Qb3 46. Kg2 Bxf4 47. Rh1+ Bh6 48. Rxh6+ Kxh6 49. Qh4+ Kg6 50. Qe8# 1-0

[Event "BAN-chB 47th"]
[Site "Dhaka"]
[Date "2022.11.04"]
[Round "9"]
[White "Sacchu, Afzal Hossain"]
[Black "Md Abu, Hanif"]
[Result "0-1"]
[WhiteElo "2017"]
[BlackElo "2054"]
[PlyCount "101"]
[EventDate "2022.10.27"]
[EventType "swiss"]
[EventRounds "11"]
[EventCountry "BAN"]
[SourceTitle "EXT 2024"]
[Source "ChessBase"]
[SourceDate "2023.10.10"]
[SourceVersion "1"]
[SourceVersionDate "2023.10.10"]
[SourceQuality "1"]

1. Nf3 d5 2. g3 c6 3. Bg2 Bf5 4. 0-0 e6 5. d3 Nf6 6. Nbd2 Nbd7 7. Re1 Bc5 8. h3 Qc7 9. c3 Bxh3 10. d4 Bxg2 11. Kxg2 Bd6 12. e4 dxe4 13. Nxe4 Nxe4 14. Rxe4 Nf6 15. Rh4 0-0-0 16. Bg5 Be7 17. Ne5 Rdf8 18. Qf3 h6 19. Rah1 Qa5 20. c4 Qb6 21. b3 Rhg8 22. Be3 Qc7 23. R4h3 Nd7 24. Nd3 b6 25. a4 c5 26. dxc5 bxc5 27. b4 Qb7 28. Qxb7+ Kxb7 29. bxc5 a5 30. Rb1+ Kc6 31. Rb5 Ra8 32. Rh1 e5 33. f4 e4 34. Ne5+ Nxe5 35. fxe5 Bd8 36. Rd1 Bc7 37. Rd6+ Bxd6 38. cxd6 Rge8 39. Rb6+ Kd7 40. Rb7+ Ke6 41. c5 Ra6 42. Kf2 Kxe5 43. Rxf7 g5 44. g4 Kd5 45. Rf5+ Kc4 46. Ke2 Rc6 47. Rf1 Rb8 48. Rc1+ Kd5 49. Rd1+ Ke6 50. Rd2 Kd7 51. Rd5 0-1

[Event "BAN-chB 47th"]
[Site "Dhaka"]
[Date "2022.10.31"]
[Round "5"]
[White "Shafiqul, Islam2222"]
[Black "Md Abu, Hanif"]
[Result "1/2-1/2"]
[WhiteElo "1846"]
[BlackElo "2054"]
[PlyCount "68"]
[EventDate "2022.10.27"]
[EventType "swiss"]
[EventRounds "11"]
[EventCountry "BAN"]
[SourceTitle "EXT 2024"]
[Source "ChessBase"]
[SourceDate "2023.10.10"]
[SourceVersion "1"]
[SourceVersionDate "2023.10.10"]
[SourceQuality "1"]

1. e3 d5 2. Nf3 c6 3. b3 Bf5 4. Bb2 e6 5. d4 Nd7 6. Bd3 Ngf6 7. Bxf5 exf5 8. Nbd2 Bd6 9. Ne5 Qe7 10. f4 0-0 11. 0-0 Rfe8 12. a3 Nf8 13. c4 Rad8 14. c5 Bb8 15. b4 N6d7 16. Qb3 f6 17. Nxd7 Qxd7 18. Rf3 Re7 19. a4 Rde8 20. b5 Kh8 21. Ba3 Ng6 22. g3 Nf8 23. Re1 h6 24. h4 Ne6 25. Qd3 Nc7 26. b6 Ne6 27. h5 a6 28. Rf2 Nf8 29. Rh2 Qe6 30. Bc1 Kg8 31. Nf3 Qd7 32. Nh4 Re4 33. Kf2 Ne6 34. Bd2 Kh7 1/2-1/2

[Event "BAN-chB 47th"]
[Site "Dhaka"]
[Date "2022.10.27"]
[Round "1"]
[White "Shafayet, Ashkari"]
[Black "Md Abu, Hanif"]
[Result "0-1"]
[WhiteElo "1738"]
[BlackElo "2054"]
[PlyCount "84"]
[EventDate "2022.10.27"]
[EventType "swiss"]
[EventRounds "11"]
[EventCountry "BAN"]
[SourceTitle "EXT 2024"]
[Source "ChessBase"]
[SourceDate "2023.10.10"]
[SourceVersion "1"]
[SourceVersionDate "2023.10.10"]
[SourceQuality "1"]

1. e4 e6 2. d4 d5 3. e5 c5 4. c3 Nc6 5. Nf3 Bd7 6. Be3 Qb6 7. b3 cxd4 8. cxd4 Rc8 9. Nbd2 Nb4 10. Rc1 Rxc1 11. Qxc1 Nxa2 12. Qc2 Nb4 13. Qc3 Ne7 14. Be2 Nf5 15. 0-0 Be7 16. Ra1 0-0 17. Qb2 Rc8 18. Rc1 Rxc1+ 19. Qxc1 Qc6 20. Qxc6 Bxc6 21. Ne1 Kf8 22. Nb1 Ke8 23. Nc3 a6 24. g4 Nxe3 25. fxe3 Bg5 26. Kf2 Bd8 27. Nd3 Nxd3+ 28. Bxd3 h6 29. Ke2 Ba5 30. Na2 Kd7 31. b4 Bd8 32. Nc3 b5 33. e4 Be7 34. Na2 dxe4 35. Bb1 f5 36. exf6 gxf6 37. Ke3 f5 38. h3 Bg5+ 39. Ke2 Bd5 40. Nc3 Kd6 41. Ba2 Bxa2 42. Nxa2 Kd5 0-1

[Event "BAN-chT 1st League"]
[Site "Dhaka"]
[Date "2022.03.17"]
[Round "8.3"]
[White "Muthaiah, Al"]
[Black "Md Abu, Hanif"]
[Result "1-0"]
[WhiteElo "2403"]
[BlackElo "2023"]
[PlyCount "57"]
[EventDate "2022.03.10"]
[EventType "team-tourn"]
[EventRounds "11"]
[EventCountry "BAN"]
[SourceTitle "EXT 2023"]
[Source "ChessBase"]
[SourceDate "2022.10.05"]
[SourceVersion "1"]
[SourceVersionDate "2022.10.05"]
[SourceQuality "1"]
[WhiteTeam "Sultana Kamal Smirity Pathagar"]
[BlackTeam "Access"]
[WhiteTeamCountry "BAN"]
[BlackTeamCountry "BAN"]

1. d4 d5 2. c4 c6 3. e3 Nf6 4. Nc3 e6 5. Nf3 Bd6 6. b3 Qe7 7. Be2 b6 8. 0-0 0-0 9. Bb2 Bb7 10. Qc2 Nbd7 11. Rad1 Rfc8 12. e4 dxe4 13. Nxe4 Nxe4 14. Qxe4 Nf8 15. Qe3 c5 16. Qc3 f6 17. Qc2 Rd8 18. Rfe1 Qf7 19. d5 Kh8 20. dxe6 Nxe6 21. g3 Bc7 22. Qf5 Rab8 23. Bd3 Qg8 24. Nh4 Ng5 25. Re7 Rxd3 26. Rxd3 Bd8 27. Rxb7 Rxb7 28. Qc8 Rc7 29. Qxd8 1-0